Catálogo
 En Linea

La Rondalla UASD cuenta su historia. / (Registro nro. 41202)

Detalles MARC
000 -CABECERA
campo de control de longitud fija 00634nam a2200181 a 4500
001 - NÚMERO DE CONTROL
campo de control 000041713
005 - FECHA Y HORA DE LA ÚLTIMA TRANSACCIÓN
campo de control 20201002035720.0
008 - DATOS DE LONGITUD FIJA--INFORMACIÓN GENERAL
campo de control de longitud fija 131016s2003 dr ac 000 0 spa d
020 ## - NÚMERO INTERNACIONAL ESTÁNDAR DEL LIBRO
Número Internacional Estándar del Libro 9993497207
040 ## - FUENTE DE LA CATALOGACIÓN
Centro catalogador/agencia de origen DO-SdBNP
Lengua de catalogación spa
Centro/agencia transcriptor BNPHU
082 ## - NÚMERO DE LA CLASIFICACIÓN DECIMAL DEWEY
Número de clasificación xxxx
Número de documento/Ítem xxx
100 1# - ENTRADA PRINCIPAL--NOMBRE DE PERSONA
Nombre de persona Cruz Miolán, Juan Radhamés
9 (RLIN) 68537
245 13 - MENCIÓN DE TÍTULO
Título La Rondalla UASD cuenta su historia. /
Mención de responsabilidad, etc. Juan Radhamés Cruz Miolán, Fermín A. Cruz M.
260 ## - PUBLICACIÓN, DISTRIBUCIÓN, ETC.
Lugar de publicación, distribución, etc. Santo Domingo, :
Nombre del editor, distribuidor, etc. Universitaria,
Fecha de publicación, distribución, etc. 2003.
300 ## - DESCRIPCIÓN FÍSICA
Extensión 178 p. :
Otras características físicas il, retr. ;
Dimensiones 21 cm.
500 ## - NOTA GENERAL
Nota general En el 465 aniversario de la Universidad Autónoma de Santo Domingo.
700 1# - PUNTO DE ACCESO ADICIONAL--NOMBRE DE PERSONA
Nombre de persona Cruz M., Fermín A.
9 (RLIN) 68538
Existencias
Estado de retiro Estado de pérdida No para préstamo Código de colección Localización permanente Ubicación/localización actual Ubicación en estantería Fecha de adquisición Número de inventario Total de préstamos Signatura topográfica completa Código de barras Fecha visto por última vez Precio válido a partir de Tipo de ítem Koha
    Excluido de préstamo Patrimonio Dominicano Patrimonio Dominicano Patrimonio Dominicano En catalogación 16.10.2013 LF1   xxxx xxx 41713-10 25.06.2020 25.06.2020 Libro y Folleto Colección Patrimonio Dominicano

Con tecnología Koha